Notre église áa nu / (Record no. 15486)

MARC details
000 -LEADER
campo de control de longitud fija 00557nam a2200181 i 4500
001 - NÚMERO DE CONTROL
campo de control 15486
003 - IDENTIFICADOR DE NÚMERO DE CONTROL
campo de control ES-MaACL
007 - CAMPO FIJO DE DESCRIPCIÓN FÍSICA--INFORMACIÓN GENERAL
campo de control de longitud fija t|
008 - DATOS DE LONGITUD FIJA--INFORMACIÓN GENERAL
campo de control de longitud fija 000323s1986 fr ||||1| fre d
020 ## - NÚMERO INTERNACIONAL ESTÁNDAR DEL LIBRO
Número Internacional Estándar del Libro 2-214-06422-2
080 ## - NÚMERO DE LA CLASIFICACIÓN DECIMAL UNIVERSAL
Número de la Clasificación Decimal Universal 239:282
100 1# - ENTRADA PRINCIPAL--NOMBRE DE PERSONA
Nombre de persona Geira Salvadó, Teresa.
9 (RLIN) 56222
245 10 - MENCIÓN DEL TÍTULO
Título Notre église áa nu /
Mención de responsabilidad, etc. Teresa Salvatore.
260 ## - PUBLICACIÓN, DISTRIBUCIÓN, ETC.
Lugar de publicación, distribución, etc. Paris :
Nombre del editor, distribuidor, etc. La Pensée Universelle,
Fecha de publicación, distribución, etc. [1986]
300 ## - DESCRIPCIÓN FÍSICA
Extensión 248 p. ;
Dimensiones 22 cm.
610 27 - PUNTO DE ACCESO ADICIONAL DE MATERIA--NOMBRE DE ENTIDAD CORPORATIVA
Nombre de entidad corporativa o nombre de jurisdicción como elemento de entrada Iglesia Católica-
Subdivisión de forma Obras de controversia.
9 (RLIN) 4654
852 ## - LOCALIZACIÓN
Ubicación ES-MaACL
Número de control de estantería G-2130
Sublocalización o colección R.119079
condición física . - Ded. autógr. de la autora
Holdings
Estatus retirado Estado de pérdida Estado de daño No para préstamo Biblioteca de origen Biblioteca actual Ubicación en estantería Fecha de adquisición Fuente de adquisición Total de préstamos Signatura topográfica completa Código de barras Visto por última vez Precio de reemplazo Tipo de ítem Koha
        Biblioteca del Ateneo de Madrid Biblioteca del Ateneo de Madrid Depósito 2 17/01/2008     G-2130 1015743 23/02/2023 23/02/2023 Libro impreso